Normal view
MARC view
- Robert G. Bartle , Donald R. Sherbert
Entry Personal Name
001 - CONTROL NUMBER
- control field: 3833
003 - CONTROL NUMBER IDENTIFIER
- control field: JO-AjAnu
005 - DATE AND TIME OF LATEST TRANSACTION
- control field: 20230606070930.0
008 - FIXED-LENGTH DATA ELEMENTS
- fixed length control field: 230606|| aca||aabn | a|a d
040 ## - CATALOGING SOURCE
- Original cataloging agency: JO-AjAnu
- Transcribing agency: JO-AjAnu
100 ## - HEADING--PERSONAL NAME
- Personal name: Robert G. Bartle , Donald R. Sherbert
670 ## - SOURCE DATA FOUND
- Source citation: Work cat.: (JO-AjAnu)1999: Robert G. Bartle , Donald R. Sherbert, author, Introduction to real analysis